000 01529ngm a2200373 4500
003 dpl
005 20090316121530.0
007 DVD
008 ||||||sp199 xxu|||||c|||| 00| 0 eng d
010 _aDVD-001764
024 _c299.00
_aFOX 2230
035 _aDVD-001764
040 _aDPL
_cDPL
082 _aDVD / FOUN
245 _aThe Fountain /
_cRegency Enterprises and Wariner Pictures Presents
_h[videorecording] DVD/
260 _b20th Century Fox Home Entertainment
300 _a2 videodisc VCD;
_bsd., col. ;
_c4 3/4 in.
_fVCD
440 _a20th Centyry Fox Home Entertainment
500 _aSole Distributor in India M/s. Excel Productions Autio Visuals Pvt. Ltd.
500 _afrom the Director of Requiem a Dream
500 _aThis DVD is Copy Protected
538 _aDolby Digital 5.1-English Subtitles: English
538 _aAspect Ratio: 1.85:1, Presentation type: Wide Screne, Presentation Size 16x9, Format DVD 9 Dual Layer Single Sided Disc.
650 _aMothin Picture
700 _aJackman, Hugh
700 _aWeisz, Rachel
700 _aAronosky, Darren
700 _aBurstyn, Ellen
700 _aMansell, Clint
700 _aApril, Renee
942 _cCF
_2ddc
_hDVD
_mFOUN
999 _c25240
_d25240